000 00817nam a2200229 i 4500
001 187022
003 SpMaBN
005 20250809043954.0
008 170329s1993 sp |||| | spa d
020 _a84-7719-366-5
080 _a342.7
100 1 _aCastro Cid, Benito de.
_936912
245 1 4 _aLos derechos económicos, sociales y culturales
_b: análisis a la luz de la teoría general de los derechos humanos /
_cBenito de Castro Cid.
260 _aLeón :
_bUniversidad, Secretariado de Publicaciones,
_c1993.
300 _a228 p. ;
_c24 cm.
504 _aBibliografía: p. 195-228.
650 0 7 _aDerechos sociales y económicos
_2embne
_911783
650 0 7 _aDerechos humanos
_2embne
_911770
710 2 _aUniversidad de León.
_97200
852 _aES-MaACL
_jL-31341
999 _c187022
_d187022